00751nam a2200193Ia 4500008004100000020001500041040001800056041000800074100003700082245010200119260003600221300001800257490004700275600006200322600006100384650002300445650004800468700004100516130821s2001 sp gr spa  a8430919813 aCo-BoUCMbspa00aspa1 aMaquiavelo, Nicolásd1469-152710aEscritos políticos brevescNicolás Maquiavelo; traducción de María Teresa Navarro Salazar aMadrid (España)bTecnosc2001 a180 páginas aColección Clásicos del Pensamientov81 aMaquiavelo, Nicolásd1469-1527vColecciones de escritos aMaquiavelo, Nicolásd1469-1527xPensamiento político04aCiencia política04aCiencia políticavColecciones de escritos1 aNavarro Salazar, María Teresaetr.